Mujeres, política y ciudadanía: las reformistas en la campaña electoral de 1923 /
Salvato in:
| Autore principale: | |
|---|---|
| Natura: | testo |
| Soggetti: | |
| Tags: |
Aggiungi Tag
Nessun Tag, puoi essere il primo ad aggiungerne!!
|
MARC
| LEADER | 00000 a a2200000 04500 | ||
|---|---|---|---|
| 001 | 15616 | ||
| 003 | |||
| 040 | |a CRAI/IIS |c CRAI/IIS | ||
| 100 | |a Mora Carvajal, Ana Virginia | ||
| 245 | |a Mujeres, política y ciudadanía: |b las reformistas en la campaña electoral de 1923 / |c Ana Virginia Mora Carvajal | ||
| 650 | |a MUJERES | ||
| 650 | |a POLITICA | ||
| 650 | |a ELECCIONES | ||
| 650 | |a EQUIDAD SOCIAL | ||
| 650 | |a PARTICIPACION POLITICA | ||
| 650 | |a PARTIDOS POLITICOS | ||
| 650 | |a PARTICIPACION SOCIAL | ||
| 650 | |a MOVIMIENTOS FEMENINOS | ||
| 773 | |g número 38; páginas 115-141 | ||
| 999 | |c 20029 |d 20029 | ||
